000 00574cam a22002053a 4500
001 33964
003 PGUSA
005 20140828083732.0
008 100928s2010||||xxu|||||s|||||000 | eng d
040 _aPGUSA
_beng
042 _adc
100 1 _aHocking, Joseph,
_d1860-1937
245 1 4 _aThe Man Who Rose Again
_h[electronic resource] /
_cJoseph Hocking
260 _bProject Gutenberg,
_c2010
506 _aPublic domain in the USA.
516 _aElectronic text
830 0 _aProject Gutenberg
_v33964
856 4 0 _uhttp://www.gutenberg.org/ebooks/33964
942 _cEB
999 _c263219
_d263219